The contexts reader /

Bibliographic Details
Corporate Author: American Sociological Association
Other Authors: Hartmann, Douglas, Uggen, Christopher
Format: Book
Language:English
Published: New York : W.W. Norton & Company, [2012]
Edition:2nd ed.
Subjects:

MARC

Tag First Indicator Second Indicator Subfields
LEADER 00000cam a2200000 a 4500
001 in00002781812
005 20150922114856.0
008 101028s2012 nyua b 000 0 eng
010 |a  2010045514 
020 |a 9780393912326 (pbk.) 
020 |a 0393912329 (pbk.) 
035 |a (OCoLC)ocn674937753 
040 |a DLC  |c DLC  |d TXA  |d UtOrBLW 
049 |a TXAM 
050 0 0 |a HN16  |b .C674 2012 
082 0 0 |a 301  |2 22 
245 0 4 |a The contexts reader /  |c edited by Douglas Hartmann and Christopher Uggen. 
250 |a 2nd ed. 
264 1 |a New York :  |b W.W. Norton & Company,  |c [2012] 
264 4 |c ©2012 
300 |a viii, 550 pages :  |b illustrations ;  |c 24 cm. 
336 |a text  |b txt  |2 rdacontent 
337 |a unmediated  |b n  |2 rdamedia 
338 |a volume  |b nc  |2 rdacarrier 
500 |a At head of title: American Sociological Association. 
504 |a Includes bibliographical references. 
650 0 |a Social problems. 
700 1 |a Hartmann, Douglas. 
700 1 |a Uggen, Christopher. 
710 2 |a American Sociological Association. 
948 |a cataloged  |b h  |c 2012/9/13  |d c  |e dmitchel  |f 2:10:20 pm 
994 |a C0  |b TXA 
999 |a MARS 
999 f f |s fb133567-b2c9-3424-9f43-c0febb5542c8  |i bc5c750b-13ed-38e6-86c5-0d746668d582  |t 0 
952 f f |p normal  |a Texas A&M University  |b College Station  |c Sterling C. Evans Library  |d Evans: Library Stacks  |t 0  |e HN16 .C674 2012  |h Library of Congress classification  |i unmediated -- volume  |m A14838746386 
998 f f |a HN16 .C674 2012  |t 0  |l Evans: Library Stacks